1344 1050 1751 1265 1545 1327 1477 1584 1740 1926 1206 1274 1079 1172 1254 1819 1081 1619 1304 1286 1705 1763 1747 1879 1810 1848 1060 1225 1062 1554 1154 1915 1240 1069 1418 1393 1969 1304 1503 1202 1988 1328 1171 1188 1951 1550 1113 1341 1999 1899 1767 1538 1447 1451 1025 1262 1703 1061 1143 1108 1991 1199 1123 1458 1952 1538 1648 1453 1919 1044 1557 1958 1897 1135 1267 1134 1904 1363 1875 1149 1177 1544 1764 1921 1902 1627 1272 1719 1603 1209 1098 1129 1678 1028 1313 1379 1866 1317 1921 BCNSPRNW ULIB Ver.6.0+V

เปลี่ยนเป็นภาษาไทย

Change to English
 แสดงรายละเอียดบรรณานุกรม
  กลับหน้าหลัก

Brief Record : Get Marc (ISO 2709) : E-mail record : QR code < ปิดหน้าต่าง
LEADER : 00000nam 2200000uu 4500
001    13399121964
003     ULIB
008    121217s2549||||th 000 0 tha d
020    ^a9749995643
060 04 ^aWM401^bพ890ก 2549
100 1  ^aอีฮเรนรีช, จอห์น เอช.
245 10 ^aการเผชิญกับภัยพิบัติ :^bคู่มือปฎิบัติการช่วยเหลือดูแลด้านจิตใจแก่ผู้ประสบภัย =^bCoping with disasters : a guidebook to psychosocial intervention /^cเขียนโดย John H. Ehrenreich ; แปลและเรียบเรียงโดย เพ็ญพักตร์ อุทิศ
246 31 ^aCoping with disasters : a guidebook to psychosocialintervention
250    ^aพิมพ์ครั้งที่ 1
260    ^aกรุงเทพ :^bโครงการส่งเสริมความผาสุกทางใจของครอบครัวผู้ประสบภัยสึนามิ,^c2549
300    ^a185 หน้า :^bภาพประกอบ ;^c22 ซม.
500    ^aแปลจาก Coping with disasters : a guidebook to PsychosocialIntervention (rev. ed., 2001)
536    ^aสนับสนุนโดย องศ์การอนามัยโลก และจุฬาลงกรณ์มหาวิทยาลัย
650  7 ^aผู้ประสบภัย^xบริการสุขภาพจิต
650  7 ^aผู้ประสบภัย^xการฟื้นฟูสมรรถภาพ
650  7 ^aภัยพิบัติ^xแง่จิตวิทยา
650  7 ^aการบรรเทาสาธารณภัย^xแง่จิตวิทยา
650  7 ^aสุขภาพจิต, การบริการ
650  7 ^aความเครียดจากเหตุการณ์วินาศภัย
700 0  ^aเพ็ญพักตร์ อุทิศ,^eผู้แปล
700 1  ^aEhrenreich, John H.
945    ^p0^l0^i24894
995    ^aทศพร
999    ^aทศพร เกษรทอง
รายการนี้ยังไม่มีแท็ก
คุณยังไม่ได้ล็อกอิน คุณสามารถมีกิจกรรมร่วมกับเว็บไซต์ได้ แต่ต้องล็อกอินก่อน ::
  ล็อกอิน

รายการสื่อสารสนเทศ

ลำดับที่ ประเภท เลขเรียก/บาร์โค้ด สถานที่ สถานะ
1. วิทยาศาสตร์การแพทย์ และสุขภาพ
วิทยาศาสตร์การแพทย์ และสุขภาพ
WM401 พ890ก 2549 ฉ.1 
  Barcode: 24894
ห้องสมุดวิทยาเขตสวรรค์ประชารักษ์
►หนังสือทั่วไป
บนชั้น

รายการใกล้เคียง
    ผู้แต่ง [อีฮเรนรีช, จอห์น เอช.]

    หัวเรื่อง [สุขภาพจิต, การบริการ]
    หัวเรื่อง [ความเครียดจากเหตุการณ์วินาศภัย]

BibComment


ยังไม่เคยถูกคอมเมนท์

คอมเมนท์ทรัพยากรรายการนี้
  คอมเมนท์: การเผชิญกับภัยพิ..


 Copyright 2026. Bcnsprnw @Library